Super Mario 64 Stars - Statistics

General Stats
  • This quiz has been taken 127 times
    126 since last reset
  • The average score is 31 of 91
Answer Stats
Level Star Number Star Name % Correct
Jolly Roger Bay 2 Can The Eel Come Out To Play?
73%
Bob-Omb Battlefield 2 Footrace With Koopa The Quick
68%
Bob-Omb Battlefield 5 Mario Wings To The Sky
62%
Whomp’s Fortress 6 Blast Away The Wall
58%
Bob-Omb Battlefield 6 Behind Chain Chomp’s Gate
56%
Cool, Cool Mountain 6 Wall Kicks Will Work
56%
Tiny-Huge Island 3 Rematch With Koopa The Quick
55%
Whomp’s Fortress 1 Chip Off Whomp’s Block
51%
Dire, Dire Docks 1 Board Bowser’s Sub
50%
Bob-Omb Battlefield 4 Find The 8 Red Coins
50%
Cool, Cool Mountain 2 Li’l Penguin Lost
50%
Hazy Maze Cave 6 Watch For Rolling Rocks
50%
Lethal Lava Land 2 Bully The Bullies
49%
Bob-Omb Battlefield 3 Shoot To The Island In The Sky
49%
Whomp’s Fortress 3 Shoot Into The Wild Blue
48%
Jolly Roger Bay 6 Through The Jet Stream
48%
Dire, Dire Docks 4 Through The Jet Stream
48%
Cool, Cool Mountain 5 Snowman’s Lost His Head
46%
Bob-Omb Battlefield 1 Big Bob-Omb On The Summit
45%
Rainbow Ride 5 Tricky Triangles!
45%
Cool, Cool Mountain 3 Big Penguin Race
42%
Big Boo’s Haunt 6 Eye To Eye In The Secret Room
42%
Big Boo’s Haunt 1 Go On A Ghost Hunt
42%
Cool, Cool Mountain 1 Slip Slidin’ Away
42%
Lethal Lava Land 1 Boil The Big Bully
40%
Tall, Tall Mountain 6 Blast To The Lonely Mushroom
39%
Dire, Dire Docks 6 Collect The Caps
39%
Whomp’s Fortress 2 To The Top Of The Fortress
39%
Mazy Maze Cave 5 A-Maze-Ing Emergency Exit
38%
Big Boo’s Haunt 5 Big Boo’s Balcony
38%
Tick Tock Clock 3 Get A Hand
38%
Wet-Dry World 1 Shocking Arrow Lifts!
38%
Wet-Dry World 2 Top O’ The Town
38%
Snowman’s Land 6 Into The Igloo
37%
Hazy Maze Cave 3 Metal Head Mario Can Move!
37%
Tick Tock Clock 4 Stomp On The Thwomp
36%
Lethal Lava Land 5 Hot-Foot-It Into The Volcano
35%
Tiny-Huge Island 6 Make Wiggler Squirm
35%
Jolly Roger Bay 1 Plunder In The Sunken Ship
35%
Shifting Sand Land 2 Shining Atop The Pyramid
35%
Shifting Sand Land 4 Stand Tall On The Four Pillars
35%
Rainbow Ride 2 The Big House In The Sky
35%
Snowman’s Land 2 Chill With The Bully
33%
Shifting Sand Land 1 In The Talons Of The Big Bird
33%
Tick Tock Clock 6 Stop Time For Red Coins
33%
Tick Tock Clock 1 Roll Into The Cage
32%
Hazy Maze Cave 2 Elevate For 8 Red Coins
31%
Wet-Dry World 4 Express Elevator- Hurry Up!
31%
Tiny-Huge Island 4 Five Itty Bitty Secrets
31%
Tiny-Huge Island 1 Pluck The Piranha Flower
31%
Dire, Dire Docks 2 Chests In The Current
30%
Tall, Tall Mountain 1 Scale The Mountain
30%
Hazy Maze Cave 1 Swimming Beast In The Cavern
30%
Jolly Roger Bay 5 Blast To The Stone Pillar
29%
Wet-Dry World 5 Go To Town For Red Coins
29%
Shifting Sand Land 6 Pyramid Puzzle
29%
Big Boo’s Haunt 3 Secret Of The Haunted Books
29%
Rainbow Ride 6 Somewhere Over The Rainbow
29%
Tick Tock Clock 2 The Pit And The Pendulum
29%
Lethal Lava Land 6 Elevator Tour In The Volcano
27%
Whomp’s Fortress 5 Fall Onto The Caged Island
27%
Cool, Cool Mountain 4 Frosty Slide For 8 Red Coins
27%
Tall, Tall Mountain 4 Mysterious Mountainside
27%
Dire, Dire Docks 3 Pole-Jumping For Red Coins
27%
Tall, Tall Mountain 3 Scary ‘Shrooms, Red Coins
27%
Big Boo’s Haunt 4 Seek The 8 Red Coins
27%
Snowman’s Land 1 Snowman’s Big Head
27%
Snowman’s Land 3 In The Deep Freeze
26%
Whomp’s Fortress 4 Red Coins On The Floating Isle
26%
Dire, Dire Docks 5 The Manta Ray’s Reward
26%
Tiny-Huge Island 5 Wiggler’s Red Coins
26%
Lethal Lava Land 4 Red-Hot Log Rolling
25%
Jolly Roger Bay 3 Treasure Of The Ocean Cave
25%
Tall, Tall Mountain 2 Mystery Of The Monkey Cage
24%
Hazy Maze Cave 4 Navigating The Toxic Maze
24%
Big Boo’s Haunt 2 Ride Big Boo’s Merry-Go-Round
24%
Wet-Dry World 6 Quick Race Through Downtown
23%
Lethal Lava Land 3 8-Coin Puzzle With 15 Pieces
21%
Shifting Sand Land 3 Inside The Ancient Pyramid
21%
Wet-Dry World 3 Secrets In The Shallows And Sky
21%
Rainbow Ride 4 Swingin’ In The Breeze
21%
Tick Tock Clock 5 Timed Jumps On Moving Bars
21%
Rainbow Ride 1 Cruiser Crossing The Rainbow
20%
Various 15 One Of The Castle’s Secret Stars
20%
Jolly Roger Bay 4 Red Coins On The Ship Afloat
20%
Snowman’s Land 5 Shell Shreddin’ For Red Coins
20%
Rainbow Ride 3 Coins Amassed In A Maze
17%
Shifting Sand Land 5 Free Flying For 8 Red Coins
17%
Snowman’s Land 4 Whirl From The Freezing Pond
17%
Tall, Tall Mountain 5 Breathtaking View From Bridge
13%
Tiny-Huge Island 2 The Tip Top Of The Huge Island
13%
No matching quizzes found
Score Distribution
Percent of People with Each Score
Percentile by Number Answered
Your Score History
You have not taken this quiz since the last reset